Регионална библиотека "Любен Каравелов" - Русе

Със ухо на земята (Запис номер 19291)

MARC детайли
000 -Лидер
Контролно поле с фиксирана дължина 01425nam a2200361 c 4500
003 - Код на организацията, давaща контролен номер
Контролно поле BLK
005 - Дата и час на последна редакция
Контролно поле 20250409112318.0
008 - Елементи от данни с фиксирана дължина
fixed length control field 180413b bul|||||r ||||||| ||bul||
010 ## - Наследен системен номер
LC control number KNG00021405000
040 ## - Източник на каталожния запис
Идентификатор на билиотеката - собственик на записа BLK
041 ## - Код за език
Код за езика на текст/звукозапис или на отделно заглавие Български
Код за езика КДБФ Български
072 #7 - Код за тематичната категория
Код организация bullib
Код за тематична категория Н83
Текст Чужда художествена литература Н
080 ## - УДК
Текстов определител УДК Английска литература
УДК код - определител по УДК 821.111
УДК определител -312.4
УДК - код + определител 821.111-312.4
100 1# - Редна дума - Автор
Автор Чейс, Джеймс Хадли
Авторска отговорност първи автор
R(LIN) 241644
139 ## - Редно поле
Редна дума Чейс, Джеймс Хадли
Авторски знак Че - Ч 49
245 10 - Сведения за заглавието
Заглавие Със ухо на земята
Подзаглавни данни Роман
Редно поле (дума) Джеймс Хадли Чейс; прев. от англ. Ивайла Радулова.
250 ## - Област на изданието
Сведения за изданието 2. изд.
257 ## - Страна на издаване
Страна на създаване/издаване Великобритания
260 ## - Област на издателските данни
-- София
Име на издателя, разпространителя и проч. Петриков
Година на издаване 1998
Печатница София : Д. Благоев - 2
300 ## - Физическа характеристика
Страници 192 с.
Размери/Мащаб 20 см
380 ## - Жанр
Жанр Худож. лит.
500 ## - Общи забележки
Забележка Ориг. загл. An Ear To the Ground / James Hadley Chase. - 1. изд. 1994 в Библ. Crimi. - 2 300 тир.
653 ## - Ключова дума – ненормативна
Ключова дума крими
653 ## - Ключова дума – ненормативна
Ключова дума романи
659 ## - Тематичен бюлетин
Тематичен бюлетин Н
700 1# - Други автори (авторска отговорност)
Лично име Радулова, Ивайла
Автороска отговорност (Описва отношението между автора и произведението) прев. от англ.
9 (RLIN) 244733
852 ## - Местоположение
Форматна сигнатура Цб 195951
856 4# - Електронен адрес и достъп
Електронен формат pdf - файл
Път до файла /url/
856 4# - Електронен адрес и достъп
Електронен формат pdf - файл
Път до файла /url/
942 ## - АРТИКУЛИ
Вид на библиотечния материал Книги
Скрит в OPAC Не
Koha issues (borrowed), all copies 10
944 ## - СЪЗДАВАНЕ И РЕДАКЦИЯ на ЗАПИСА
Създаване/Редакция Създаване
Дата на регистрацията/редакция 15.01.2003
Статус, дата на статуса Цветелина Шанова
Служител, извършил регистрацията/редакцията 30531
944 ## - СЪЗДАВАНЕ И РЕДАКЦИЯ на ЗАПИСА
Създаване/Редакция Редакция
Дата на регистрацията/редакция 21.09.2017
Статус, дата на статуса ф /
Служител, извършил регистрацията/редакцията Людмила_Стоянова
999 ## - СИСТЕМНИ КОНТРОЛНИ НОМЕРА
Koha biblionumber 19291
Koha biblioitemnumber 19291
Наличности
Код за отписване Код за изгубен артикул Източник на класификационната схема Код за повреда Коз за рестрикции Код за отдаване Артикулен № Име на библиотеката - собственик Име на библиотеката, в която се намира в момента Статус (Текущо местоположение) Дата на вписване в системата Местоположение - отдел Цена в лева Инвентарен номер Систематично азбучна сигнатура Баркод Номер на екземпляра Цена в евро Служебна бележка Служебен тип на артикула
  Не е изгубен Universal Decimal Classification Не е повреден без рестрикции ползва се в читалня 32194 Регионална библиотека "Любен Каравелов" Русе Регионална библиотека "Любен Каравелов" Русе Хранилище 2001-01-01 Хранилище 2.80 639524 Цб 195951 120000639524 1 1.43 Дост: Dp Вид: Д N: 12 Дата: 01.01.1998 Книги
Изтеглен Не е изгубен Universal Decimal Classification Не е повреден без рестрикции заемане за дома 32195 Регионална библиотека "Любен Каравелов" Русе Регионална библиотека "Любен Каравелов" Русе Заемна - подръчен фонд 2001-01-01 Заемна - подръчен фонд 2.80 638324 П 820-31/Ч 49 638324 2 1.43 Дост: Pk Вид: Ф N: стар фонд Дата: 01.01.1998 Книги
  Не е изгубен Universal Decimal Classification Не е повреден без рестрикции заемане за дома 32196 Регионална библиотека "Любен Каравелов" Русе Регионална библиотека "Любен Каравелов" Русе Заемна - подръчен фонд 2012-10-19 Заемна - подръчен фонд 3.00 120000760550 П 821-31/Ч 49 120000760550 3 1.53 Дост: DA Вид: А N: 19 Дата: 19.10.2012 Дата инв: 14.02.2018 Бележки инв: П2018 Книги
  Не е изгубен   Не е повреден без рестрикции заемане за дома 32197 Регионална библиотека "Любен Каравелов" Русе Регионална библиотека "Любен Каравелов" Русе Заемна - подръчен фонд 2017-07-18 Заемна - подръчен фонд 3.00 120000813481 П 820-31/Ч 49 120000813481 4 1.53 Дост: DA Вид: А N: 31 Дата: 18.07.2017 Дата инв: 14.02.2018 Бележки инв: П2018 Книги
Vip Innovations Ltd, Rousse, Bulgaria 2025